00936nam a22002297a 4500010001300000020001500013035001300028037001800041040001200059082001600071100001700087245010100104260004500205270004900250300003100299650004000330650004600370942002500416999001900441952012100460952012500581 aA-702214 a8170187974 aA-702214 bCen Lib / Ret aDPLbEN a954.09bLIM aMadhu Limaye aJanata Party experiment :ban insiders account of opposition politics 1977-80 /cby Madhu Limaye aDelhibB.R. Publishing Corporationc1992 aRegd. Office 29/9 Nangia ParkbDelhie110007 a(v 2. vii,571p) b24cm(Hb) aBharatiya Janata Party -- History.  aIndia -- Politics and government -- 1977- 2ddccENh954.09mLIM c136679d136679 00102ddc3v 24070aLbLd2016-03-07eCen Lib/Retl0o954.09 LIMpA-702214r2016-03-07 00:00:00t1w2016-03-07yEN 00102ddc40708NFICaZLSbZLSd2019-02-07l2m1o954.09 LIMpA-702215r2023-03-02 00:00:00s2023-02-02w2019-02-07yEN